[Event "Wroclaw-A"]
[Site "Wroclaw POL"]
[Date "1980.??.??"]
[Round "1"]
[White "Tonchev, Miroslav"]
[Black "Nun, Jiri"]
[Result "1/2-1/2"]
[WhiteElo "2460"]
[BlackElo "2515"]
[PlyCount "118"]
[EventDate "1980.05.??"]
[Source "www.chesslib.no"]
[SourceDate "2004.05.04"]

1. e4 c5 2. Nc3 e6 3. g3 d5 4. exd5 exd5 5. d4 cxd4 6. Qxd4 Nf6 7. Bg5 Be7 8. Bg2 O-O 9. Nge2 Nc6 10. Qd2 d4 11. Bxf6 Bxf6 12. Nd5 Be6 13. Nxf6+ Qxf6 14. O-O Rfd8 15. Nf4 Bf5 16. Rfe1 Rac8 17. Nd3 b6 18. Re2 Bg4 19. Re4 Bf5 20. Re2 Bg4 21. f3 Bf5 22. Rae1 h6 23. g4 Bxd3 24. cxd3 Qg5 25. Qd1 Nb4 26. f4 Qxf4 27. Qb3 Qd6 28. Re7 Rf8 29. Rxa7 Nc6 30. Qxb6 Qg6 31. Rc7 Rxc7 32. Qxc7 Nd8 33. Qg3 Ne6 34. Bd5 Qg5 35. Bc4 Nf4 36. Re4 Ng6 37. Re2 Kh7 38. Rf2 f6 39. Be6 Ne5 40. h4 Qc1+ 41. Kh2 Rb8 42. b3 Rb6 43. Bf5+ g6 44. Be4 Kg7 45. h5 g5 46. Qg1 Qe3 47. Rc2 Qf4+ 48. Kh3 Re6 49. Rf2 Qe3+ 50. Qg3 Qc1 51. Rg2 Qh1+ 52. Qh2 Qe1 53. Rg3 Re7 54. Qc2 Qf1+ 55. Qg2 Qe1 56. Qg1 Qd2 57. Rg2 Qf4 58. Rg3 Qd2 59. Rg2 Qf4 1/2-1/2

[Event "National Open"]
[Site "Chicago, IL USA"]
[Date "1991.??.??"]
[Round "4"]
[White "Ardaman, Miles"]
[Black "Yermolinsky, Alex"]
[Result "1/2-1/2"]
[WhiteElo "2405"]
[BlackElo "2565"]
[PlyCount "115"]
[EventDate "1991.05.??"]
[Source "www.chesslib.no"]
[SourceDate "2004.05.04"]

1. e4 c5 2. Nc3 e6 3. g3 d5 4. exd5 exd5 5. Bg2 Nf6 6. d3 d4 7. Ne4 Nxe4 8. dxe4 Nc6 9. Nh3 g6 10. Nf4 Bg7 11. h4 O-O 12. h5 Re8 13. Kf1 a5 14. a4 c4 15. hxg6 hxg6 16. Nd5 Nb4 17. Bh6 Be5 18. Qd2 c3 19. bxc3 dxc3 20. Qc1 b6 21. Bf4 Nxd5 22. Bxe5 Rxe5 23. Qh6 Qf6 24. exd5 Ba6+ 25. Kg1 Rae8 26. Qh7+ Kf8 27. Qh8+ Ke7 28. Qh4 Qxh4 29. Rxh4 Kd7 30. Rf4 f5 31. Rf3 Rc8 32. Rb1 Rxd5 33. Rxc3 Rxc3 34. Bxd5 Kc7 35. Bf7 g5 36. Bg6 Bc8 37. Rb2 Ra3 38. Be8 Bb7 39. Kf1 f4 40. gxf4 gxf4 41. Ke2 Bc6 42. Bxc6 Kxc6 43. Rb5 Rxa4 44. Rf5 Rc4 45. Kd3 b5 46. c3 a4 47. Rf6+ Kb7 48. Rf7+ Kb6 49. Rf6+ Ka5 50. Rf8 Kb6 51. Rf6+ Kc7 52. Rf5 a3 53. Rxb5 Ra4 54. Rb1 Ra6 55. Kc2 Ra8 56. Re1 Rb8 57. Re6 Rb5 58. Ra6 1/2-1/2

[Event "It (Open) Moscow RUS"]
[Site "?"]
[Date "2006.02.08"]
[Round "2"]
[White "Krapivin Alexander"]
[Black "Dobrov Vladimir"]
[Result "1-0"]
[WhiteElo "2458"]
[BlackElo "2510"]
[PlyCount "111"]
[EventDate "2006.??.??"]
[Source "www.chesslib.no"]
[SourceDate "2004.05.04"]

1. e4 c5 2. Nc3 e6 3. g3 d5 4. Bg2 Nf6 5. d3 Nc6 6. Nge2 Be7 7. O-O O-O 8. Nf4 dxe4 9. Nxe4 Qc7 10. Nxf6+ Bxf6 11. Nh5 Be5 12. c3 g6 13. Nf4 Bg7 14. h4 b6 15. d4 Ba6 16. Re1 cxd4 17. cxd4 Nxd4 18. Bxa8 Rxa8 19. Be3 Rd8 20. Rc1 Qe7 21. Bxd4 Bxd4 22. Qa4 Bb7 23. Ne2 Qf6 24. Nxd4 Rxd4 25. Qxa7 Rd2 26. Qb8+ Kg7 27. Qe5 Rxb2 28. Qxf6+ Kxf6 29. a3 Bd5 30. Rb1 Ra2 31. Ra1 Ke7 32. Rxa2 Bxa2 33. Rd1 e5 34. f3 b5 35. Kf2 h5 36. Ke3 Ke6 37. Rd8 Bc4 38. f4 Kf5 39. Rc8 exf4+ 40. gxf4 Bf1 41. Rc1 Bg2 42. Rg1 Bc6 43. Rg5+ Ke6 44. Kd4 f6 45. Rxg6 Kf5 46. Rh6 Bf3 47. Ke3 Bd1 48. Kf2 Kxf4 49. Rxf6+ Kg4 50. Rd6 Bc2 51. Rd4+ Kh3 52. Rd5 Kxh4 53. Rxb5 Kg4 54. a4 h4 55. a5 Bd3 56. Rd5 1-0

[Event "FRA-ch"]
[Site "Val d'Isere"]
[Date "2002.08.28"]
[Round "9"]
[White "Bricard, Emmanuel"]
[Black "Fontaine, Robert"]
[Result "0-1"]
[WhiteElo "2454"]
[BlackElo "2514"]
[PlyCount "58"]
[EventDate "2002.08.19"]
[Source "ChessBase"]
[SourceDate "2002.11.12"]

1. e4 c5 2. Nc3 e6 3. g3 d5 4. exd5 exd5 5. d3 d4 6. Ne4 Nc6 7. Bg2 Be7 8. Ne2 h5 9. O-O h4 10. Nf4 g5 11. Ne2 f5 12. Nd2 Be6 13. Nf3 Bd5 14. c4 Bxf3 15. Bxf3 Qd6 16. Bg2 Nh6 17. gxh4 O-O-O 18. hxg5 Ng4 19. Bf4 Nce5 20. h3 Bxg5 21. Qd2 Rxh3 22. f3 Ne3 23. Bxh3 Rg8 24. Bxg5 Rxg5+ 25. Kf2 N5xc4 26. dxc4 Qh2+ 27. Ke1 Qxh3 28. Ng3 Rxg3 29. Qf2 Rg2 0-1

[Event "Bled op"]
[Site "Bled"]
[Date "1996.??.??"]
[Round "2"]
[White "Golubovic, Boris"]
[Black "Kozul, Zdenko"]
[Result "1/2-1/2"]
[WhiteElo "2385"]
[BlackElo "2580"]
[PlyCount "149"]
[EventDate "1996.03.??"]
[Source "ChessBase"]

1. e4 c5 2. Nc3 e6 3. g3 d5 4. exd5 exd5 5. d4 cxd4 6. Qxd4 Nf6 7. Bg5 Be7 8. Bb5+ Nc6 9. Bxf6 Bxf6 10. Qc5 Bxc3+ 11. bxc3 Qe7+ 12. Qxe7+ Kxe7 13. Ne2 Bg4 14. Kd2 Bxe2 15. Rhe1 Kd6 16. Bxc6 Kxc6 17. Rxe2 Rae8 18. Rae1 Rxe2+ 19. Rxe2 Kd6 20. Re1 b6 21. Rb1 Re8 22. f3 Kc5 23. Rb4 g5 24. h4 h6 25. hxg5 hxg5 26. Rg4 f6 27. a4 a5 28. Rd4 f5 29. Rd3 Rh8 30. Re3 Rh2+ 31. Kc1 Rh3 32. Re5 f4 33. g4 Rxf3 34. Kb2 Rg3 35. Rxg5 Kd6 36. Kb3 Ke6 37. Kb2 Rg1 38. Kb3 Rg2 39. Kb2 Rg3 40. Kb3 Kd6 41. Kb2 Kc6 42. Rg6+ Kc5 43. Rg5 Kc4 44. Rg8 d4 45. Rc8+ Kd5 46. Rd8+ Ke4 47. cxd4 Rxg4 48. d5 Rg7 49. d6 Kf3 50. Re8 Rd7 51. Re6 Kg4 52. Kc3 Kf5 53. Rh6 Ke5 54. Rh5+ Ke6 55. Rh6+ Kd5 56. Rh5+ Ke4 57. Rh6 Ke5 58. Rh5+ Kf6 59. Rh6+ Kg5 60. Re6 Kf5 61. Rh6 f3 62. Kd2 f2 63. Ke2 Ke5 64. Kxf2 Rxd6 65. Rh4 Rd4 66. Rh6 Rxa4 67. Rxb6 Kd4 68. Ke2 Kc3 69. Rc6+ Kb2 70. Kd3 Rb4 71. Ra6 a4 72. c3 Rh4 73. Rb6+ Kc1 74. Ra6 Kb2 75. Rb6+ 1/2-1/2

[Event "6th Dubai Open"]
[Site "Dubai"]
[Date "2004.04.23"]
[Round "5.9"]
[White "Iuldachev, Saidali"]
[Black "Al Sayed, Mohamad N"]
[Result "1/2-1/2"]
[WhiteElo "2536"]
[BlackElo "2426"]
[PlyCount "78"]
[EventDate "2004.04.19"]
[Source "Roberto Alvarez"]
[SourceDate "2004.05.03"]

1. e4 c5 2. Nc3 e6 3. g3 d5 4. exd5 exd5 5. Bg2 Nf6 6. Nge2 d4 7. Ne4 Nxe4 8. Bxe4 Nd7 9. d3 Nf6 10. Bg2 Bd6 11. O-O O-O 12. Nf4 Re8 13. Nh5 Nxh5 14. Qxh5 Qc7 15. Be4 g6 16. Qf3 Bh3 17. Re1 Bf5 18. Bh6 Bxe4 19. Rxe4 Rxe4 20. Qxe4 Qe7 21. Qxe7 Bxe7 22. Re1 Bf8 23. Bf4 f6 24. Kg2 Kf7 25. g4 Rd8 26. Kf3 Bd6 27. Bd2 Rh8 28. h3 h5 29. g5 Be7 30. gxf6 Bxf6 31. Ke4 Rd8 32. a4 b6 33. b3 Bg5 34. f4 Bh4 35. Rg1 Re8+ 36. Kf3 a5 37. Rg2 Be1 38. Bc1 Kf6 39. Rg5 Bh4 1/2-1/2

[Event "BCF-ch Smith & Williamson"]
[Site "Scarborough"]
[Date "2001.08.08"]
[Round "9"]
[White "Ledger, Andrew"]
[Black "Chandler, Murray G"]
[Result "0-1"]
[WhiteElo "2418"]
[BlackElo "2540"]
[PlyCount "70"]
[EventDate "2001.07.02"]
[Source "ChessBase"]
[SourceDate "2001.09.11"]

1. e4 c5 2. Nc3 e6 3. g3 d5 4. exd5 exd5 5. Bg2 Nf6 6. d3 d4 7. Ne4 Nxe4 8. dxe4 g6 9. Ne2 Bg7 10. O-O O-O 11. Nf4 Nc6 12. Qe2 Bd7 13. Bd2 Rc8 14. Nd5 Re8 15. Rfe1 h6 16. h4 Ne5 17. f4 Ng4 18. Bf3 h5 19. c4 b5 20. Rac1 Be6 21. b3 Bxd5 22. cxd5 Qb6 23. Bxg4 hxg4 24. Kh2 c4 25. bxc4 bxc4 26. Rb1 Qa6 27. Bb4 d3 28. Qxg4 c3 29. d6 Red8 30. e5 Qxa2+ 31. Kh3 d2 32. e6 dxe1=Q 33. Rxe1 fxe6 34. Rxe6 Qb1 35. Qf3 Qf5+ 0-1

[Event "FRA-ch"]
[Site "Val d'Isere"]
[Date "2002.08.29"]
[Round "10"]
[White "Bricard, Emmanuel"]
[Black "Skripchenko Lautier, Almira"]
[Result "1/2-1/2"]
[WhiteElo "2454"]
[BlackElo "2497"]
[PlyCount "138"]
[EventDate "2002.08.19"]
[Source "ChessBase"]
[SourceDate "2002.11.12"]

1. e4 c5 2. Nc3 e6 3. g3 d5 4. d3 Nf6 5. Bg2 dxe4 6. dxe4 Qxd1+ 7. Nxd1 Nc6 8. Ne3 Be7 9. Ne2 O-O 10. f4 Bd7 11. b3 Nd4 12. e5 Nd5 13. Nxd4 cxd4 14. Nxd5 exd5 15. Bxd5 Bf5 16. Bxb7 Rab8 17. Ba6 Bxc2 18. Ke2 f6 19. Bb2 fxe5 20. fxe5 Bg6 21. Rhg1 Bc5 22. Rgf1 Bf7 23. Rac1 Bh5+ 24. Kd3 Bg6+ 25. Kc4 Rb6 26. Rxf8+ Bxf8 27. Bc8 d3 28. Bd7 Rb4+ 29. Kc3 Re4 30. Be6+ Kh8 31. Bc4 Bc5 32. Kxd3 Rxe5+ 33. Kc3 h5 34. Rd1 Re3+ 35. Kd2 Re7 36. Kc3 Re3+ 37. Kd2 Re7 38. a3 h4 39. gxh4 Rd7+ 40. Ke1 Bf2+ 41. Kxf2 Rxd1 42. Ke3 Re1+ 43. Kf2 Rb1 44. Bd4 a5 45. a4 Bc2 46. Bc3 Bxb3 47. Bxb3 Rxb3 48. Bxa5 Ra3 49. h5 Rxa4 50. Bd8 Rd4 51. Bg5 Rd5 52. h4 Rd3 53. Ke2 Rh3 54. Kf2 Kg8 55. Kg2 Rb3 56. h6 gxh6 57. Bxh6 Kf7 58. Bg5 Kg6 59. Kf2 Kf5 60. Ke2 Ke4 61. Kf2 Rf3+ 62. Kg2 Rf8 63. Kg3 Kf5 64. Kf3 Re8 65. Kg3 Ra8 66. Kf3 Ra3+ 67. Kf2 Ke4 68. Kg2 Rf3 69. Bh6 Rb3 1/2-1/2

[Event "XIX Czech Chladek & Tintera A Open"]
[Site "Pardubice CEC"]
[Date "2008.07.19"]
[Round "2"]
[White "Kulhanek, T."]
[Black "Oral, T."]
[Result "1/2-1/2"]
[WhiteElo "2398"]
[BlackElo "2550"]
[PlyCount "44"]
[EventDate "2008.07.18"]
[Source "www.chesslib.no"]
[SourceDate "2004.05.04"]

1. e4 c5 2. Nc3 e6 3. g3 d5 4. d3 dxe4 5. Nxe4 Ne7 6. f4 Nf5 7. Nf3 g6 8. c3 Nd7 9. Bg2 Qc7 10. O-O Bg7 11. g4 Ne7 12. Qe1 h5 13. h3 hxg4 14. hxg4 Nf6 15. Ne5 Nxe4 16. Qxe4 Nd5 17. Bd2 Nf6 18. Qf3 Nd7 19. Rae1 O-O 20. Qg3 Re8 21. Rf2 Rb8 22. Bf1 b5 1/2-1/2

[Event "Tel Aviv"]
[Site "Tel Aviv"]
[Date "1992.??.??"]
[Round "11"]
[White "Davies, Nigel R"]
[Black "Beim, Valery"]
[Result "1/2-1/2"]
[WhiteElo "2460"]
[BlackElo "2485"]
[PlyCount "23"]
[EventDate "1992.04.??"]
[Source "ChessBase"]

1. e4 c5 2. Nc3 e6 3. g3 d5 4. exd5 exd5 5. Bg2 d4 6. Qe2+ Be7 7. Nd5 Nc6 8. d3 Be6 9. Nf4 Bd7 10. Nd5 Be6 11. Nf4 Bd7 12. Nd5 1/2-1/2

[Event "CRO-Cup"]
[Site "Pula CRO"]
[Date "1995.??.??"]
[Round "2"]
[White "Rogulj, Branko"]
[Black "Cvitan, Ognjen"]
[Result "0-1"]
[WhiteElo "2425"]
[BlackElo "2520"]
[PlyCount "96"]
[EventDate "1995.??.??"]
[Source "www.chesslib.no"]
[SourceDate "2004.05.04"]

1. e4 c5 2. Nc3 e6 3. g3 d5 4. exd5 exd5 5. d3 Nf6 6. Bg5 Be7 7. Bg2 Nbd7 8. d4 cxd4 9. Qxd4 O-O 10. O-O-O Nb6 11. Nf3 h6 12. Bf4 Be6 13. Rhe1 Rc8 14. Ne5 Bc5 15. Qd3 Bxf2 16. Re2 Bc5 17. Nb5 Nbd7 18. Nd4 Nxe5 19. Bxe5 Bg4 20. Bf3 Re8 21. Nf5 Ne4 22. Bxg4 Rxe5 23. Qf3 Qg5+ 24. Qf4 Rce8 25. Qxg5 hxg5 26. Nd4 Nf6 27. Rxe5 Rxe5 28. Bc8 Bxd4 29. Rxd4 b6 30. Kd2 Kf8 31. Ra4 Ne4+ 32. Kd1 a5 33. Ra3 Nc5 34. Rc3 g6 35. Bh3 Ke7 36. a3 Kd6 37. Bg2 g4 38. b4 axb4 39. axb4 Ne6 40. h3 gxh3 41. Bxh3 Re4 42. Bxe6 fxe6 43. b5 Rc4 44. Rf3 Rb4 45. Kd2 g5 46. Rf6 Ke5 47. Rf2 Rxb5 48. Ke3 Rb4 0-1

[Event "Corr"]
[Site "?"]
[Date "2002.03.01"]
[Round "?"]
[White "Andersen Jens (GER)"]
[Black "Valent Dkfm.Peter (AUT)"]
[Result "1/2-1/2"]
[WhiteElo "2482"]
[BlackElo "2462"]
[PlyCount "41"]
[EventDate "2002.??.??"]
[Source "www.chesslib.no"]
[SourceDate "2004.05.04"]

1. e4 c5 2. Nc3 e6 3. g3 d5 4. exd5 exd5 5. d4 cxd4 6. Qxd4 Nf6 7. Bg5 Be7 8. Bg2 Nc6 9. Qa4 O-O 10. Nge2 Be6 11. O-O Qb6 12. Bxf6 Bxf6 13. Nxd5 Bxd5 14. Bxd5 Rad8 15. Nf4 Bxb2 16. Rab1 g5 17. Nd3 Rxd5 18. Rxb2 Qc7 19. f4 gxf4 20. Qxf4 Qxf4 21. Nxf4 1/2-1/2

[Event "Katrineholm"]
[Site "Katrineholm"]
[Date "1999.05.12"]
[Round "2"]
[White "Lyrberg, Patrik"]
[Black "Gavrikov, Viktor"]
[Result "0-1"]
[WhiteElo "2409"]
[BlackElo "2532"]
[PlyCount "44"]
[EventDate "1999.05.??"]
[Source "ChessBase"]
[SourceDate "1999.08.01"]

1. e4 c5 2. Nc3 e6 3. g3 d5 4. Bg2 d4 5. Nce2 Nc6 6. d3 e5 7. f4 g6 8. Nf3 Bg7 9. O-O Nge7 10. fxe5 O-O 11. Bg5 Bg4 12. Qd2 Bxf3 13. Rxf3 Nxe5 14. Rff1 Qd6 15. h4 N7c6 16. Bh3 c4 17. a3 a5 18. Rf2 Ra6 19. Raf1 Rb6 20. h5 Rxb2 21. h6 Bh8 22. Qc1 cxd3 0-1

[Event "Athens Akropolis"]
[Site "Athens GRE"]
[Date "1989.??.??"]
[Round "?"]
[White "Abramovic, Bosko"]
[Black "Makropoulos, Georgios"]
[Result "1-0"]
[WhiteElo "2485"]
[BlackElo "2455"]
[PlyCount "73"]
[EventDate "1989.??.??"]
[Source "www.chesslib.no"]
[SourceDate "2004.05.04"]

1. e4 c5 2. Nc3 e6 3. g3 d5 4. d3 Nf6 5. Bg2 Be7 6. f4 dxe4 7. dxe4 Qxd1+ 8. Nxd1 Nc6 9. Ne3 e5 10. f5 h5 11. h3 g6 12. fxg6 fxg6 13. c3 Be6 14. Nd5 Rd8 15. Nxe7 Kxe7 16. Bg5 Bc4 17. Nf3 Rd6 18. Nd2 Bd3 19. O-O-O Rc8 20. Bf1 Rf8 21. Nc4 Bxc4 22. Bxc4 Kd7 23. Rxd6+ Kxd6 24. Rd1+ Kc7 25. Rf1 Nh7 26. Rxf8 Nxf8 27. Bh6 Nh7 28. Bf7 Ne7 29. h4 Nf6 30. Bg5 Nfg8 31. Kd2 Kd6 32. Ke3 b6 33. Kf3 b5 34. g4 hxg4+ 35. Kxg4 c4 36. Bxe7+ Nxe7 37. Kg5 1-0

[Event "It (Men) Bucharest ROM"]
[Site "?"]
[Date "1998.??.??"]
[Round "8"]
[White "Vasiesiu Dan"]
[Black "Iordachescu Viorel"]
[Result "1/2-1/2"]
[WhiteElo "2420"]
[BlackElo "2520"]
[PlyCount "22"]
[EventDate "1998.??.??"]
[Source "www.chesslib.no"]
[SourceDate "2004.05.04"]

1. e4 c5 2. Nc3 e6 3. g3 d5 4. exd5 exd5 5. Bg2 d4 6. Nd5 Nf6 7. Nxf6+ Qxf6 8. Nf3 Be7 9. O-O O-O 10. d3 Nc6 11. Nd2 Be6 1/2-1/2

[Event "FSGM March"]
[Site "Budapest"]
[Date "2004.03.08"]
[Round "3"]
[White "Drabke, Lorenz"]
[Black "Flumbort, Andras"]
[Result "1-0"]
[WhiteElo "2439"]
[BlackElo "2481"]
[PlyCount "83"]
[EventDate "2004.03.06"]
[Source "Roberto Alvarez"]
[SourceDate "2004.03.22"]

1. e4 c5 2. Nc3 e6 3. g3 d5 4. exd5 exd5 5. Bg2 Nf6 6. d3 d4 7. Ne4 Nxe4 8. dxe4 Nc6 9. Ne2 g6 10. O-O Bg7 11. Nf4 O-O 12. Qe2 Ne5 13. Nd5 Be6 14. f4 Bxd5 15. exd5 Nd7 16. Qd3 Rc8 17. c4 dxc3 18. bxc3 c4 19. Qf3 Qb6+ 20. Kh1 Rfe8 21. Bd2 Qb2 22. Rad1 b5 23. d6 Rcd8 24. f5 Ne5 25. Qd5 Bf8 26. fxg6 hxg6 27. Rb1 Qa3 28. Bf4 Qxd6 29. Qxd6 Bxd6 30. Rxb5 Ng4 31. Bg5 Ne3 32. Rf3 Nxg2 33. Bxd8 Ne1 34. Rf1 Nd3 35. Bf6 Bc5 36. Rb7 Nf2+ 37. Kg2 Ng4 38. Rf4 Ne3+ 39. Kf3 Nd5 40. Rxc4 Re3+ 41. Kf2 Nxf6 42. Rxc5 1-0

[Event "Najdorf Festival op"]
[Site "Buenos Aires"]
[Date "1998.10.27"]
[Round "4"]
[White "Roselli Mailhe, Bernardo"]
[Black "Tregubov, Pavel V"]
[Result "0-1"]
[WhiteElo "2385"]
[BlackElo "2535"]
[PlyCount "57"]
[EventDate "1998.10.??"]
[Source "ChessBase"]
[SourceDate "1999.01.01"]

1. e4 c5 2. Nc3 e6 3. g3 d5 4. d3 dxe4 5. Nxe4 Bd7 6. Bg2 Bc6 7. Nf3 Nd7 8. O-O Ngf6 9. Bf4 Nxe4 10. dxe4 Be7 11. Qe2 O-O 12. c4 Qb6 13. Rad1 Rfd8 14. Rd3 a5 15. Rfd1 Nf8 16. Be5 Rxd3 17. Rxd3 Nd7 18. Bc3 Qc7 19. Rd1 h6 20. Ne1 Rd8 21. f4 b6 22. Nc2 Qb7 23. f5 Nf6 24. Re1 Re8 25. e5 Nh7 26. Bxc6 Qxc6 27. f6 gxf6 28. Qg4+ Kh8 29. Qh5 0-1

[Event "Velden Open"]
[Site "Velden GER"]
[Date "1993.??.??"]
[Round "4"]
[White "Kosanski, Stanko"]
[Black "Sermek, Drazen"]
[Result "1-0"]
[WhiteElo "2415"]
[BlackElo "2495"]
[PlyCount "86"]
[EventDate "1993.07.??"]
[Source "www.chesslib.no"]
[SourceDate "2004.05.04"]

1. e4 c5 2. Nc3 e6 3. g3 d5 4. d3 Nf6 5. Bg2 Be7 6. Nge2 d4 7. Nb1 Nc6 8. O-O O-O 9. h3 b6 10. f4 Bb7 11. Nd2 b5 12. a4 a6 13. g4 Nb4 14. b3 Nd7 15. Nf3 bxa4 16. Rxa4 a5 17. f5 Bc6 18. Ra3 exf5 19. gxf5 a4 20. Nf4 axb3 21. cxb3 Rxa3 22. Bxa3 Bd6 23. Bxb4 Bxf4 24. Be1 Qb6 25. Kh1 Bb8 26. Rf2 Bg3 27. Rb2 Bxe1 28. Qxe1 f6 29. Qg3 Qb8 30. Qf2 Qb4 31. Bf1 Ra8 32. Qg1 Kh8 33. Rg2 Rg8 34. Rg4 Qxb3 35. Qg3 Qf7 36. Nh4 Re8 37. Qd6 Ne5 38. Qxc5 Nxg4 39. hxg4 Qc7 40. Nf3 Qg3 41. Bg2 Rb8 42. Ng1 h5 43. Qxc6 hxg4 1-0

[Event "Budel zt"]
[Site "Budel"]
[Date "1987.??.??"]
[Round "?"]
[White "Haik, Aldo"]
[Black "Kouatly, Bachar"]
[Result "1/2-1/2"]
[WhiteElo "2470"]
[BlackElo "2440"]
[PlyCount "73"]
[EventDate "1987.05.??"]
[Source "ChessBase"]

1. e4 c5 2. Nc3 e6 3. g3 d5 4. exd5 exd5 5. Bg2 Nf6 6. Nge2 d4 7. Ne4 Nxe4 8. Bxe4 Nd7 9. d3 Nf6 10. Bg2 Bd6 11. O-O O-O 12. Bf4 Bg4 13. Bxd6 Qxd6 14. Qd2 Rae8 15. Rfe1 Re7 16. Nf4 Rfe8 17. h4 h6 18. Rxe7 Qxe7 19. Kf1 Qd7 20. Re1 Rxe1+ 21. Kxe1 Kf8 22. Kf1 b6 23. a3 g5 24. hxg5 hxg5 25. Ne2 Qf5 26. Nc1 Bh3 27. Kg1 Bxg2 28. Kxg2 Qd5+ 29. Kf1 Qh1+ 30. Ke2 Qh5+ 31. Ke1 Qh1+ 32. Ke2 Qd5 33. Qe1 Ng4 34. Nb3 Qe5+ 35. Kd1 Qf5 36. Ke2 Kg7 37. Nd2 1/2-1/2

[Event "Americana (Brazil)"]
[Site "?"]
[Date "2005.07.03"]
[Round "6"]
[White "Rodriguez Andres"]
[Black "De Toledo James Mann"]
[Result "1-0"]
[WhiteElo "2536"]
[BlackElo "2373"]
[PlyCount "55"]
[EventDate "2005.??.??"]
[Source "www.chesslib.no"]
[SourceDate "2004.05.04"]

1. e4 c5 2. Nc3 e6 3. g3 d5 4. Bg2 Nf6 5. e5 Nfd7 6. f4 Nc6 7. Nf3 Be7 8. Ne2 O-O 9. c3 c4 10. d4 cxd3 11. Qxd3 Nc5 12. Qc2 Bd7 13. Be3 Rc8 14. O-O f5 15. exf6 gxf6 16. f5 e5 17. Rad1 Be8 18. Bh6 Qb6 19. Kh1 Rf7 20. Be3 Qa6 21. Rxd5 Qxa2 22. Rxc5 Bxc5 23. Bxc5 Rd7 24. Nd2 Kg7 25. Ne4 Bh5 26. g4 Bxg4 27. Rg1 b6 28. Nd6 1-0

[Event "CRO-Cup"]
[Site "Pula"]
[Date "1999.05.24"]
[Round "1"]
[White "Jurkovic, Hrvoje"]
[Black "Sermek, Drazen"]
[Result "1/2-1/2"]
[WhiteElo "2367"]
[BlackElo "2540"]
[PlyCount "32"]
[EventDate "1999.05.??"]
[Source "ChessBase"]
[SourceDate "1999.07.10"]

1. e4 c5 2. Nc3 e6 3. g3 d5 4. exd5 exd5 5. d4 Nc6 6. Be3 cxd4 7. Bxd4 Nge7 8. Bg2 Nf5 9. Nge2 Be6 10. O-O Be7 11. Be3 Nxe3 12. fxe3 Qb6 13. Nxd5 Bxd5 14. Qxd5 Qxe3+ 15. Kh1 O-O 16. Nf4 Rad8 1/2-1/2

[Event "BL2-W 9596"]
[Site "GER"]
[Date "1996.??.??"]
[Round "?"]
[White "Kupreichik, Viktor D"]
[Black "Morawietz, Dieter"]
[Result "0-1"]
[WhiteElo "2485"]
[BlackElo "2415"]
[PlyCount "96"]
[EventDate "1995.10.??"]
[Source "www.chesslib.no"]
[SourceDate "2004.05.04"]

1. e4 c5 2. Nc3 e6 3. g3 d5 4. exd5 exd5 5. d4 cxd4 6. Qxd4 Nf6 7. Bg5 Be7 8. O-O-O Nc6 9. Qa4 Be6 10. Bg2 O-O 11. Nge2 Qb6 12. Be3 Bc5 13. Bxc5 Qxc5 14. Nf4 Rad8 15. Rd2 d4 16. Nxe6 fxe6 17. Qb5 dxc3 18. Qxc5 cxd2+ 19. Kd1 Ng4 20. f3 b6 21. Qg1 Nce5 22. Ke2 d1=Q+ 23. Qxd1 Rxd1 24. Rxd1 Nf6 25. f4 Nf7 26. Rd3 Rc8 27. Kd2 Rd8 28. Rxd8+ Nxd8 29. Kc3 Kf7 30. Kc4 Ne8 31. a4 Ke7 32. b4 Kd6 33. c3 Nc6 34. Be4 h6 35. Bf3 Nc7 36. Bh1 Nd5 37. Bf3 g5 38. a5 gxf4 39. gxf4 bxa5 40. b5 Nce7 41. Kb3 Kc5 42. Ka4 Nxc3+ 43. Kxa5 Nxb5 44. Bg4 Nc7 45. Bh3 h5 46. Ka4 h4 47. Ka5 Kd4 48. Kb4 Ned5+ 0-1

[Event "Match, Albert FRA"]
[Site "?"]
[Date "1996.??.??"]
[Round "8"]
[White "Bacrot Etienne"]
[Black "Kempinski Robert"]
[Result "1-0"]
[WhiteElo "2425"]
[BlackElo "2475"]
[PlyCount "43"]
[EventDate "1996.??.??"]
[Source "www.chesslib.no"]
[SourceDate "2004.05.04"]

1. e4 c5 2. Nc3 e6 3. g3 d5 4. exd5 exd5 5. d4 cxd4 6. Qxd4 Be6 7. Bg2 Nc6 8. Qa4 Bc5 9. Qb5 Qe7 10. Bg5 f6 11. Be3 d4 12. Bxc6+ bxc6 13. Qxc6+ Kf7 14. Qxa8 dxc3 15. bxc3 Bxe3 16. fxe3 Qc5 17. Rd1 Qxe3+ 18. Ne2 Ne7 19. Qxh8 Bg4 20. Rd2 Ng6 21. Qd8 Ne5 22. Rf1 1-0

[Event "Chalapathi GM"]
[Site "Guntur, AP"]
[Date "2000.04.15"]
[Round "13"]
[White "Saravanan, Venkat"]
[Black "Kunte, Abhijit"]
[Result "1/2-1/2"]
[WhiteElo "2412"]
[BlackElo "2487"]
[PlyCount "21"]
[EventDate "2000.04.03"]
[Source "ChessBase"]
[SourceDate "2000.07.27"]

1. e4 c5 2. Nc3 e6 3. g3 d5 4. exd5 exd5 5. Bg2 Nf6 6. d3 Be7 7. Nge2 O-O 8. O-O d4 9. Ne4 Nxe4 10. dxe4 Nc6 11. Nf4 1/2-1/2

[Event "TCh-ESP Premier North"]
[Site "?"]
[Date "2005.08.12"]
[Round "2"]
[White "Larino Nieto David"]
[Black "De la Riva Aguado Oscar"]
[Result "0-1"]
[WhiteElo "2350"]
[BlackElo "2548"]
[PlyCount "102"]
[EventDate "2005.??.??"]
[Source "www.chesslib.no"]
[SourceDate "2004.05.04"]

1. e4 c5 2. Nc3 e6 3. g3 d5 4. exd5 exd5 5. Bg2 Nf6 6. d3 Be7 7. Nge2 d4 8. Ne4 Nxe4 9. dxe4 Nc6 10. Nf4 O-O 11. O-O Bd6 12. Nd5 Ne7 13. c4 Nxd5 14. exd5 Bf5 15. Re1 Qd7 16. Bd2 b5 17. cxb5 Qxb5 18. b3 Rfe8 19. Qf3 Qd3 20. Ba5 Qxf3 21. Bxf3 Kf8 22. Red1 Be4 23. Bxe4 Rxe4 24. b4 cxb4 25. Rac1 Ke8 26. Rc4 Rb8 27. f3 Re2 28. Rdxd4 Rxa2 29. Bc7 b3 30. Bxb8 b2 31. Rd1 Ra1 32. Re4+ Kd7 33. Ree1 Rxd1 34. Rxd1 Bxb8 35. f4 a5 36. Rb1 Ba7+ 37. Kf1 Bd4 38. Ke2 a4 39. Kd3 a3 40. Kxd4 a2 41. Rxb2 a1=Q 42. Kc3 Kd6 43. Kb3 Kxd5 44. Rd2+ Ke4 45. Kc2 Kf3 46. Rd3+ Kg2 47. h4 h5 48. Kd2 Qb2+ 49. Kd1 Qb1+ 50. Kd2 Kf2 51. Rc3 Qb2+ 0-1

[Event "Haringey"]
[Site "London ENG"]
[Date "1988.??.??"]
[Round "?"]
[White "Abramovic, Bosko"]
[Black "Kouatly, Bachar"]
[Result "1-0"]
[WhiteElo "2445"]
[BlackElo "2450"]
[PlyCount "151"]
[EventDate "1988.07.??"]
[Source "www.chesslib.no"]
[SourceDate "2004.05.04"]

1. e4 c5 2. Nc3 e6 3. g3 d5 4. d3 Nf6 5. Bg2 Nc6 6. Nge2 Be7 7. exd5 exd5 8. Nf4 d4 9. Ncd5 Nxd5 10. Nxd5 O-O 11. O-O Bg5 12. Bxg5 Qxg5 13. Re1 Bg4 14. Qc1 Qxc1 15. Raxc1 Rae8 16. a3 Ne5 17. f4 Nc6 18. b4 cxb4 19. axb4 a6 20. Rb1 h5 21. h3 Bf5 22. Kf2 Rxe1 23. Rxe1 b5 24. Ra1 Bc8 25. Nf6+ gxf6 26. Bxc6 Kg7 27. Bf3 Kg6 28. Be4+ f5 29. Bf3 Rd8 30. Ke2 Rd7 31. Kd2 Rc7 32. Ra3 Re7 33. Ra1 Rc7 34. h4 Rc3 35. Bh1 Kf6 36. Bg2 Kg7 37. Bd5 Kf6 38. Ba8 Kg7 39. Ra2 Kf6 40. Ra1 Kg7 41. Bf3 Kg6 42. Kc1 Rc7 43. Kb2 Re7 44. Rf1 Bb7 45. Bxb7 Rxb7 46. Re1 Rb6 47. Re8 Rd6 48. Rg8+ Kf6 49. Rg5 Rd8 50. Rxh5 Kg6 51. Rg5+ Kf6 52. c3 dxc3+ 53. Kxc3 Ke6 54. h5 Rc8+ 55. Kd4 a5 56. bxa5 b4 57. g4 fxg4 58. Rxg4 b3 59. Rg1 Ra8 60. Kc3 Rxa5 61. Rh1 Rb5 62. Kb2 Kd5 63. h6 Rb8 64. h7 Rh8 65. Kxb3 Kd4 66. Rh3 f5 67. Kc2 Kd5 68. Rh6 Rc8+ 69. Kd2 Rh8 70. Ke3 Re8+ 71. Kf3 Rh8 72. Kg3 Kd4 73. Kh4 Kxd3 74. Kg5 Ke4 75. Rh3 Kd5 76. Kf6 1-0

[Event "Belgrade 8th march (Women) 33rd"]
[Site "Belgrade"]
[Date "2000.03.12"]
[Round "9"]
[White "Kovalevskaya, Ekaterina"]
[Black "Skripchenko Lautier, Almira"]
[Result "1/2-1/2"]
[WhiteElo "2451"]
[BlackElo "2444"]
[PlyCount "40"]
[EventDate "2000.03.03"]
[Source "ChessBase"]
[SourceDate "2000.05.11"]

1. e4 c5 2. Nc3 e6 3. g3 d5 4. exd5 exd5 5. Bg2 Nf6 6. d3 d4 7. Ne4 Nxe4 8. dxe4 Nc6 9. Ne2 Be6 10. O-O Bd6 11. Nf4 Bxf4 12. Bxf4 O-O 13. Qh5 f5 14. Rfe1 Qd7 15. Qe2 fxe4 16. Qb5 b6 17. Rxe4 Rac8 18. Rae1 Bf5 19. R4e2 Bg4 20. Re4 Bf5 1/2-1/2